Indonesian suurimmat saaret - Statistics

Yleistilastot
  • Tätä visaa on pelattu 359 kertaa
  • Keskiarvotulos 7 / 21
Vastaukset kartalla
Vastauksille on annettu kartalla punavihreä väri sen mukaan, kuinka moni on saanut sen oikein.
 
Vastaustilastot
km2 Saari % Oikein
748 168 Borneo
86%
138 794 Jaava
85%
480 848 Sumatra
83%
180 681 Sulawesi
71%
5 416 Bali
69%
785 753 Uusi-Guinea
66%
28 418 Timor
57%
14 154 Flores
22%
4 625 Lombok
18%
10 711 Sumba
16%
18 040 Halmahera
15%
5 121 Nias
15%
11 413 Bangka
14%
14 386 Sumbawa
14%
4 478 Belitung
13%
4 429 Madura
13%
8 473 Buru
11%
17 454 Seram
11%
3 828 Siberut
11%
4 408 Buton
10%
11 742 Yos Sudarso
9%
Ehtoja vastaavia visoja ei löytynyt
Tulosjakauma
Jokaisen tuloksen saaneiden osuus
Persentiili vastausten määrän mukaan
Tuloshistoriasi
Et ole pelannut tätä visaa